A House For Mr Biswas (Record no. 1265343)

MARC details
000 -LEADER
fixed length control field 00456nam a2200193Ia 4500
008 - FIXED-LENGTH DATA ELEMENTS--GENERAL INFORMATION
fixed length control field 151121s9999||||xx |||||||||||||| ||und||
082 ## - DEWEY DECIMAL CLASSIFICATION NUMBER
Classification number 823/NAI
082 ## - DEWEY DECIMAL CLASSIFICATION NUMBER
Item number HNW-117757
100 ## - MAIN ENTRY--PERSONAL NAME
Personal name Naipaul V S
245 #2 - TITLE STATEMENT
Title A House For Mr Biswas
260 ## - PUBLICATION, DISTRIBUTION, ETC. (IMPRINT)
Name of publisher, distributor, etc "Picador,London"
260 ## - PUBLICATION, DISTRIBUTION, ETC. (IMPRINT)
Date of publication, distribution, etc 2011
300 ## - PHYSICAL DESCRIPTION
Extent 622
600 ## - SUBJECT ADDED ENTRY--PERSONAL NAME
Personal name Naipaul V S
630 ## - SUBJECT ADDED ENTRY--UNIFORM TITLE
Uniform title A House For Mr Biswas
700 ## - ADDED ENTRY--PERSONAL NAME
Personal name Naipaul V S
730 ## - ADDED ENTRY--UNIFORM TITLE
Uniform title A House For Mr Biswas
942 ## - ADDED ENTRY ELEMENTS (KOHA)
Koha item type Book
Holdings
Withdrawn status Lost status Damaged status Not for loan Home library Current library Date acquired Cost, normal purchase price Total Checkouts Full call number Barcode Date last seen Cost, replacement price Price effective from Koha item type
        Hirachand Nemchand Wachanalaya, Solapur Hirachand Nemchand Wachanalaya, Solapur 03/15/2015 450.00   HNW-117757 HNW-117757 11/21/2015 450.00 11/21/2015 Book